000 00373nam a2200145Ia 4500
008 230917s9999||||xx |||||||||||||| ||und||
040 _e48990
_aMAIN
041 _aEnglish
082 _a823.7 D555S:D
100 _aSlater, Michael, ed
245 0 _aDickens on America and the Americans
260 _aLondon
_bThe Harvester Press
_c1979
300 _a245 p.
942 _cBK
999 _c208602
_d208602